ARRUPE JESUIT UNIVERSITY

CORONAVIRUS -STOP THE SPREAD - CLEAN,DISINFECT,COVER
Normal view MARC view

Entry Geographic Name

Number of records used in: 1

001 - CONTROL NUMBER

  • control field: 26032

003 - CONTROL NUMBER IDENTIFIER

  • control field: ARRUPE

005 - DATE AND TIME OF LATEST TRANSACTION

  • control field: 20160921113957.0

008 - FIXED-LENGTH DATA ELEMENTS

  • fixed length control field: 160921|| aca||aabn | a|a d

040 ## - CATALOGING SOURCE

  • Original cataloging agency: ARRUPE
  • Transcribing agency: ARRUPE

151 ## - HEADING--GEOGRAPHIC NAME

  • Geographic name: Rhodesia, Southern
  • General subdivision: History.

670 ## - SOURCE DATA FOUND

  • Source citation: Work cat.: (ARRUPE)0: Gann, Lewis H., 1924-1997. 26031, A history of Southern Rhodesia; early days to 1934,, 1965.

 

Arrupe Library. PO Box MP320 Mt Pleasant, Harare, Zimbabwe
263 242 745411|librarian@aju.ac.zw